000 00183 a2200097 4500
020 _a9781594378157
041 _aspa
100 _aSpinelli, Jerry
245 _aStargirl
942 _cBK
999 _c12132
_d12132